000 00735nam a22002057a 4500
999 _c15168
_d15168
003 OSt
082 _2631.7 JOM/IM
088 _aP 289
100 _aJOMOL T. JOSEPH
_93527
245 _aImpact study of Chamravattom and Kootayi regulator cum bridges
260 _aTavanur 2014
_bDepartment of Land and Water Resources & Conservation Engineering
300 _a90
500 _aImpact study of Chamravattom and Kootayi regulator cum bridges
520 _aImpact study of Chamravattom and Kootayi regulator cum bridges
700 _aRasmina P
_93723
700 _aRemya V. Mohan
_93724
700 _aDr. Abdul Hakkim V. M (Guide)
_93491
856 _uhttps://drive.google.com/open?id=1E46Bc4AqNkVyzbGjk59Blldze1ru66jH
942 _cPR